00322nam a22000977a 4500008004100000022001400041040005500055245004600110260005400156310001400210230518b |||||||| |||| 00| 0 eng d a0970-6984 aNational Science LibrarycNational Science Library aJournal of Indian water resources society aRoorkee: bIndian Water Resources Society, c1995 aQuarterly